书目信息 |
| 题名: |
养出女孩好气质
|
|
| 作者: | 季臻 编 | |
| 分册: | ||
| 出版信息: | 北京 中国华侨出版社 2019 |
|
| 页数: | 369页 | |
| 开本: | 22cm | |
| 丛书名: | ||
| 单 册: | ||
| 中图分类: | G78-49 | |
| 科图分类: | ||
| 主题词: | 家庭教育--通俗读物 | |
| 电子资源: | ||
| ISBN: | 978-7-5113-7679-4 | |
| 000 | 00759nam0 2200229 450 | |
| 001 | 012001003859 | |
| 005 | 20131027110013.0 | |
| 010 | @a978-7-5113-7679-4@dCNY39.00 | |
| 100 | @a20190406d2019 em y0chiy50 ea | |
| 101 | 0 | @achi |
| 102 | @aCN@b110000 | |
| 105 | @ay z 000yy | |
| 106 | @ar | |
| 200 | 1 | @a养出女孩好气质@9yang chu nv hai hao qi zhi@f季臻编 |
| 210 | @a北京@c中国华侨出版社@d2019 | |
| 215 | @a369页@d22cm | |
| 330 | @a本书结合女孩的特点个性和成长规律,全面介绍女孩的身体、心理、性格、气质、品质、理财、才艺、潜能、学习等各个方面的培养,使父母掌握教育的正确方向和科学方法。 | |
| 606 | 0 | @a家庭教育@j通俗读物 |
| 690 | @aG78-49@v5 | |
| 701 | 0 | @a季臻@9ji zhen@4编 |
| 801 | 0 | @aCN@b江苏凤凰@c20191020 |
| 905 | @b1227757-60@dG78-49@e1244@f4 | |
| 养出女孩好气质/季臻编.-北京:中国华侨出版社,2019 |
| 369页;22cm |
| ISBN 978-7-5113-7679-4:CNY39.00 |
| 本书结合女孩的特点个性和成长规律,全面介绍女孩的身体、心理、性格、气质、品质、理财、才艺、潜能、学习等各个方面的培养,使父母掌握教育的正确方向和科学方法。 |
| ● |
| 相关链接 |
|
|
|
|
正题名:养出女孩好气质
索取号:G78-49/1244
 
预约/预借
| 序号 | 登录号 | 条形码 | 馆藏地/架位号 | 状态 | 备注 |
| 1 | 1227757 | 212277579 | 第一样本阅览室/ [索取号:G78-49/1244] | 在馆 | |
| 2 | 1227758 | 212277588 | 教育系资料室/ [索取号:G78-49/1244] | 在馆 | |
| 3 | 1227759 | 212277597 | 教育系资料室/ [索取号:G78-49/1244] | 在馆 | |
| 4 | 1227760 | 212277604 | 第四借阅区/ [索取号:G78-49/1244] | 在馆 |